ბათუმის შოთა რუსთაველის სახელმწიფო უნივერსიტეტის ბიბლიოთეკა

ნაცარქექია;ზღაპარი (ბიბ.ჩანაწერი № 43533)

000 -LEADER
fixed length control field 00561nam a2200193Ia 4500
001 - CONTROL NUMBER
control field 10264
003 - CONTROL NUMBER IDENTIFIER
control field GE_BSU
008 - FIXED-LENGTH DATA ELEMENTS--GENERAL INFORMATION
fixed length control field 181216s||||||||xx |||||||||||||| ||und||
040 ## - CATALOGING SOURCE
Transcribing agency GE_BSU
080 ## - UNIVERSAL DECIMAL CLASSIFICATION NUMBER
Universal Decimal Classification number 82–93
100 ## - MAIN ENTRY--PERSONAL NAME
Personal name რურუა,პარმენ
245 ## - TITLE STATEMENT
Title ნაცარქექია;ზღაპარი
260 ## - PUBLICATION, DISTRIBUTION, ETC.
Place of publication, distribution, etc. ბათუმი
260 ## - PUBLICATION, DISTRIBUTION, ETC.
Name of publisher, distributor, etc. აჭარის სახელგამი
260 ## - PUBLICATION, DISTRIBUTION, ETC.
Date of publication, distribution, etc. 1940
300 ## - PHYSICAL DESCRIPTION
Extent 47გვ.ილ.19სმ.
653 ## - INDEX TERM--UNCONTROLLED
Uncontrolled term ნაცარქექია;ზღაპარი
942 ## - ADDED ENTRY ELEMENTS (KOHA)
Koha item type წიგნი
ეგზემპლარები
Withdrawn status Lost status Damaged status Not for loan Date acquired Barcode Date last seen Price effective from Koha item type
        2018-12-17 33543 2018-12-17 2018-12-17 წიგნი